| 000 | 00782nam a2200229 a 4500 | ||
|---|---|---|---|
| 005 | 20220701133600.0 | ||
| 008 | 090623s2006 mx r 000 0 spa d | ||
| 020 | _a847642731X (NAU Llibres) | ||
| 020 | _a848063832X (Octaedro) | ||
| 035 | _aUPN01000171418 | ||
| 049 | _aCG | ||
| 050 | 4 |
_aPN1997 S7.2 _bG6.3 |
|
| 100 | 1 | _aGonzález Laiz, Gonzalo | |
| 245 | 1 | 3 |
_aLa guerra de las galaxias : _bGeorge Lucas (1977) / _cGonzalo González Laiz. |
| 260 |
_aValencia, Esp. : _bNAU Llibres : _bOctaedro, _c2006. |
||
| 300 |
_a104 p. : _bil. |
||
| 440 | 0 | _aGuías para ver y analizar cine | |
| 650 | 4 |
_aGUERRA DE LAS GALAXIAS (PELICULA CINEMATOGRAFICA) _918379 |
|
| 600 | 1 | 4 |
_aLUCAS, GEORGE, _d1944- _918377 |
| 650 | 0 |
_aProductores y directores cinematográficos _9463 |
|
| 905 | _aLibro | ||
| 999 |
_c143523 _d143523 |
||